| Tag |
First Indicator |
Second Indicator |
Subfields |
| LEADER |
00000cam a2200000 4500 |
| 001 |
in00000067679 |
| 005 |
20151008050203.0 |
| 008 |
751231s1953 txu 00000 eng |
| 010 |
|
|
|a 53033395
|
| 035 |
|
|
|a (OCoLC)01907967
|
| 035 |
|
|
|9 AAF9987AM
|
| 040 |
|
|
|a DLC
|c FQG
|d TXA
|d UtOrBLW
|
| 049 |
|
|
|a TXAM
|c [245638]
|
| 050 |
0 |
0 |
|a CB155
|b .P63
|
| 082 |
0 |
|
|a 901
|
| 092 |
|
|
|a 301
|b P849w
|
| 100 |
1 |
|
|a Porterfield, Austin Larimore,
|d 1896-
|
| 245 |
1 |
0 |
|a Wait the withering rain? :
|b Studies in the conditions of survival and peace beyond 1976.
|
| 264 |
|
1 |
|a Fort Worth [Tex.] :
|b Leo Potishman Foundation,
|c [1953]
|
| 264 |
|
4 |
|c [©1953]
|
| 300 |
|
|
|a 147 pages ;
|c 24 cm.
|
| 336 |
|
|
|a text
|b txt
|2 rdacontent
|
| 337 |
|
|
|a unmediated
|b n
|2 rdamedia
|
| 338 |
|
|
|a volume
|b nc
|2 rdacarrier
|
| 650 |
|
0 |
|a Public opinion.
|
| 650 |
|
0 |
|a Prejudices.
|
| 999 |
|
|
|a MARS
|
| 999 |
f |
f |
|s 7a6b8657-8a31-3da6-bf03-26c502d36fd7
|i 61567c1a-f6a7-3745-9889-87fd9954357d
|t 0
|
| 952 |
f |
f |
|p ric
|a Texas A&M University
|b Rellis Campus
|c Joint Library Facility
|d Remote Storage
|t 0
|e CB155 .P63
|h Library of Congress classification
|i unmediated -- volume
|m A14800634000
|
| 998 |
f |
f |
|a CB155 .P63
|t 0
|l Remote Storage
|